Statistics for Rock Bands by Picture

Click here to take the quiz!

General Stats

  • This quiz has been taken 622 times
  • The average score is 13 of 22

Answer Stats

Answer% Correct
Red Hot Chili Peppers
94%
The Doors
89%
The Eagles
89%
The Police
87%
KISS
84%
Queen
83%
Scorpions
83%
The Beatles
78%
Korn
75%
Gorillaz
69%
Smashing Pumpkins
69%
Tool
69%
Heart
66%
The Cars
59%
The Beach Boys
54%
The Cranberries
49%
The Black Keys
36%
Oasis
35%
Poison
33%
Matchbox Twenty
24%
Journey
12%
Genesis
9%

Score Distribution

Percentile by Number Answered

Percent of People with Each Score

Your Score History

You have not taken this quiz